Statistics for Top 25 WNBA Players Of All Time

Click here to take the quiz!

General Stats

  • This quiz has been taken 23 times
    (4 since last reset)
  • The average score is 8 of 25

Answer Stats

#AnswerWin Shares% Correct
5.Candace Parker64.30
75%
9.Lisa Leslie59.81
75%
7.Sue Bird61.63
75%
21.Breanna Stewart45.51
50%
24.Candice Dupree44.18
50%
4.Diana Taurasi72.38
50%
11.Katie Smith59.77
50%
16.Maya Moore53.53
50%
1.Tamika Catchings93.66
50%
8.Tina Thompson60.70
50%
22.Brittney Griner44.99
25%
17.Elena Delle Donne50.31
25%
19.Katie Douglas48.94
25%
3.Lauren Jackson73.03
25%
10.Lindsay Whalen59.79
25%
6.Nneka Ogwumike62.84
25%
14.Sheryl Swoopes56.06
25%
2.Sylvia Fowles73.50
25%
25.Tina Charles42.18
25%
23.Becky Hammon44.94
0%
13.DeWanna Bonner57.04
0%
18.Penny Taylor48.98
0%
20.Rebekkah Brunson48.56
0%
15.Taj McWilliams-Franklin53.86
0%
12.Yolanda Griffith59.38
0%

Score Distribution

Percentile by Number Answered

Percent of People with Each Score

Your Score History

You have not taken this quiz since the last reset